Estadísticas para Países que producen la mayor cantidad de cerveza

Haz click aquí para intentar la prueba.

Estadísticas generales

  • Esta prueba ha sido intentada 6.159 veces
    (904 desde el último reinicio)
  • La puntuación promedio es 16 de 20

Estadísticas de respuestas

Toneladas métricasPaís% Correcto
8,54 MAlemania
99%
3,81 MEspaña
97%
20,4 MEstados Unidos
97%
36,6 MChina
95%
2,18 MFrancia
93%
8,20 MRusia
91%
13,5 MMéxico
90%
16,9 MBrasil
88%
2,45 MJapón
87%
3,84 MReino Unido
87%
2,12 MCanadá
86%
2,20 MIndia
83%
2,40 MBélgica
76%
2,21 MPaíses Bajos
76%
3,83 MPolonia
74%
2,69 MColombia
70%
1,96 MRepública Checa
56%
3,10 MSudáfrica
54%
1,98 MTailandia
44%
4,20 MVietnam
36%

Distribución de puntuación

Porcentaje por número respondido

Porcentaje de gente con cada puntuación

Historial de tus puntuaciones

No has intentado esta prueba desde el último reinicio